000 00394nam a2200145 i 4500
001 bg
100 1 _aTROSZCZYŃSKI, Zbigniew
245 0 _aĆwiczenia laboratoryjne z zabezpieczeń i automatyki elektroenergetycznej /
_cZbigniew Troszczyński.
250 _aWyd.2.
260 _aKielce,
_c1980.
040 _cBPK
041 _apol
942 _cKS
008 s pl f |000 0 pol
999 _c20415
_d20415
856 _uhttp://koha.tu.koszalin.pl/cgi-bin/koha/opac-detail.pl?biblionumber=20415
_yKatalog online BPK